Religia Test -v2 - Statystyki

Ogólne statystyki
  • Ten quiz został rozwiązany 12 razy
  • Średni wynik to 9 z 11
Statystyki odpowiedzi
Zagadnienie Odpowiedź % Poprawnych
ile jest sakramentów Świętych? 7
100%
Święcenie pokarmu ma na celu? Błogosławienie jedzenia, które będzie spożywane w czasie świąt
100%
Co to znaczy "Olej chorych" Olej używany podczas udzielania sakramentu namaszczenia chorych
100%
ciemnica to? ozdobiona okolicznościowa kaplica lub ołtarz do przechowywania Najświętszego Sakramentu od mszy świętej Wieczerzy Pańskiej w Wielki Czwartek do liturgii Wielkiego Piątk
100%
Wieczerza Pańska jest? Biblijnym określeniem ceremonii ustanowionej przez Jezusa Chrystusa
91%
Wigilia paschalna to? Liturgia sprawowana w noc Zmartwychwstania Pańskiego
91%
Na co pozwala Post Ścisły? na spożycie jednego sytego posiłku oraz dwóch skromnych posiłków w ciągu dnia
91%
Jakie są kolory szat? Biały, czerwony, zielony, fioletowy, czarny i różowy
82%
Symbolika Paschału Zmartwychwstanie Jezusa Chrystusa
64%
Krzyżmo to? Mieszanina oliwy i balsamu
55%
Mandatum to? W Kościele rzymskokatolickim obrzęd umywania nóg
55%
Nie znaleziono quizów pasujących do podanych kryteriów
Rozkład punktacji
Procent ludzi z każdym wynikiem
Percentyl według liczby udzielonych odpowiedzi
Twoja historia wyników
Nie rozwiązałeś tego quizu